The Lord of the Rings: Galadriel’s Lament - Statistics

General Stats
  • This quiz has been taken 154 times
  • The average score is 51 of 135
Answer Stats
Answer % Correct
a
98%
the
93%
The
93%
in
71%
and
69%
Who
67%
is
64%
it.
64%
of
64%
for
60%
For
60%
to
60%
me?
52%
on
50%
trees!
48%
are
43%
shall
43%
all
40%
have
40%
leaves
40%
darkness
36%
ever.
36%
fall
36%
gold
36%
has
36%
wind,
36%
from
33%
now
33%
Now
33%
as
31%
like
31%
West,
31%
song
29%
stars
29%
Stars,
29%
us,
29%
her
26%
lost,
26%
lost
26%
Mount
26%
shadow;
26%
years
26%
beyond
24%
Farewell!
21%
long
21%
out
21%
clouds,
19%
East
19%
even
19%
passed
19%
thou
19%
waves
19%
Queen
17%
Varda
17%
Varda,
17%
between
14%
blue
14%
deep
14%
grey
14%
mist
14%
Valimar!
14%
Valimar.
14%
beneath
12%
cup
12%
find
12%
foaming
12%
halls
12%
Maybe
12%
swift
12%
wings
12%
Ah!
10%
Calacirya
10%
country
10%
covers
10%
Everwhite
10%
hands
10%
lies
10%
lofty
10%
mead
10%
paths
10%
queenly.
10%
shalt
10%
sweet
10%
those
10%
voice,
10%
draughts
7%
drowned
7%
holy
7%
jewels
7%
Kindler,
7%
refill
7%
tremble
7%
uplifted
7%
vaults
7%
wherein
7%
numberless
5%
No matching quizzes found
Score Distribution
Percent of People with Each Score
Percentile by Number Answered
Your Score History
You have not taken this quiz